| 000 | 00795cas a2200241u| 4500 | ||
|---|---|---|---|
| 001 | 10635 | ||
| 003 | BD-RjUL | ||
| 005 | 20211208235005.0 | ||
| 008 | 140125s1952 enk||||| |||||000eng| | ||
| 035 | _a(BD-RjUL) 10683 | ||
| 040 |
_aDLC _cCarP _dDLC _dBD-RjUL _beng |
||
| 041 | _aeng | ||
| 082 |
_a020.5 _bLIB 1952 |
||
| 110 | 2 |
_aLibrary Association. _932883 |
|
| 245 | 1 | 4 |
_aThe Library association year book 1952 : _bFounded 1877: Incorporated by Royal Charter 1898; Patron: H. M. The King. _cThe Library Association. |
| 260 |
_aLondon : _bThe Association, _c1952. |
||
| 300 |
_avarious pagins ; _c22 cm. |
||
| 650 | 0 |
_aLibraries _zGreat Britain. _932881 |
|
| 650 | 0 |
_aLibrary science _vPeriodicals. _932882 |
|
| 710 |
_aThe Library Association. _94615 |
||
| 942 |
_2ddc _cBK |
||
| 999 |
_c10635 _d10635 |
||